Canales de comercialización

Guardado en:
Detalles Bibliográficos
Autores principales: Stern, Louis W (Autor), El-Ansary, Adel I (Autor), Coughlan, Anne T (Autor), Cruz Roche, Ignacio (Autor)
Formato: Libro
Lenguaje:español
Publicado: Madrid Prentice Hall 1999
Edición:5a. ed
Materias:
Etiquetas: Agregar Etiqueta
Sin Etiquetas, Sea el primero en etiquetar este registro!

MARC

LEADER 00000cam a2200000 a 4500
001 UCD8848
003 CL-VaPUC
008 170527e19990000sp |||||||||||||||||spa|d
020 |a 8483220377 
082 0 4 |a 658.8  |b STE  |2 21 
100 0 |a Stern, Louis W  |e author  |9 592387 
700 0 |a El-Ansary, Adel I  |e author  |9 592388 
700 0 |a Coughlan, Anne T  |e author  |9 592389 
700 0 |a Cruz Roche, Ignacio  |e author  |9 592390 
245 1 0 |a Canales de comercialización 
250 |a 5a. ed 
300 |a 496 p 
942 |c BK 
945 |d 20170527 00:32:00  |a dcastane 
260 |a Madrid  |b Prentice Hall  |c 1999 
650 0 |a Marketing  |9 259324 
650 0 |a Planificación estratégica   |9 259735 
583 |a last modification  |c 20170527 00:32:00  |k Rodrigo Vera 
999 |c 368156  |d 368154